| 000 | 01215cam a2200313 i 4500 | ||
|---|---|---|---|
| 001 | 26216 | ||
| 003 | Mx-PuUPA | ||
| 005 | 20250722113759.0 | ||
| 008 | 140415s2022 mx gr 000 0 spa d | ||
| 020 | _a9788411131575 | ||
| 040 |
_aMx-PuUPA _bspa _cMx-PuUPA _dMx-PuUPA _erda |
||
| 041 | 0 | _aspa | |
| 245 | 0 | 0 |
_aDerechos humanos : _bperspectivas de juristas iusnaturalistas. _nTomo I. _pSustento histórico, antropológico y filosófico de los derechos humanos / _ccoordinador, Agustín A. Herrera Fragoso |
| 264 | 1 |
_aCiudad de México : _bTirant lo Blanch, _c©2022 |
|
| 300 |
_a997 páginas ; _c23 cm |
||
| 336 |
_2rdacontent _atexto _btxt |
||
| 337 |
_2rdamedia _asin medio _bn |
||
| 338 |
_2rdacarrier _avolumen _bnc |
||
| 490 | 0 | _aAternativa | |
| 650 | 7 |
_2armarc _aDerechos humanos _xHistoria |
|
| 650 | 7 |
_2armarc _aDerechos humanos _xFilosofía |
|
| 650 | 7 |
_2armarc _aDerechos humanos _xAspectos antropológicos |
|
| 700 | 1 |
_aHerrera Fragoso, Agustín A., _q(Agustín Antonio) _ecoordinador _917250 |
|
| 942 |
_2ddc _cLI _h323.01 _iD42 |
||
| 999 |
_c26216 _d26216 |
||